مكتبة جامعة عجلون الوطنية

فهرس بحث المكتبة

دور الإدارة الخضراء في تحسين خدمات الرعاية الصحية في المستشفيات الخاصة الأردنية = The Role of Green Management in Improving Healthcare Services at Private Jordanian Hospitals / (Record no. 33923)

MARC details
000 -LEADER
fixed length control field 01160nam a22002057a 4500
003 - CONTROL NUMBER IDENTIFIER
control field JO-AjAnu
005 - DATE AND TIME OF LATEST TRANSACTION
control field 20250714095034.0
008 - FIXED-LENGTH DATA ELEMENTS--GENERAL INFORMATION
fixed length control field 250713b jo ||||| |||| 00| 0 ara d
040 ## - CATALOGING SOURCE
Original cataloging agency JO-AjAnu
Language of cataloging ara
Transcribing agency JO-AjAnu
Modifying agency JO-AjAnu
Description conventions rda
041 ## - LANGUAGE CODE
Language code of text/sound track or separate title ara
Language code of original ara
050 ## - LIBRARY OF CONGRESS CALL NUMBER
Classification number HF5549
Item number 2025
100 #1 - MAIN ENTRY--PERSONAL NAME
Personal name الوشاح، عثمان حسن احمد
Relator term معد
9 (RLIN) 66557
245 #0 - TITLE STATEMENT
Title دور الإدارة الخضراء في تحسين خدمات الرعاية الصحية في المستشفيات الخاصة الأردنية = The Role of Green Management in Improving Healthcare Services at Private Jordanian Hospitals /
Statement of responsibility, etc. اعداد عثمان حسن احمد الوشاح ؛ اشراف امجد فهد نهار الطويقات
260 ## - PUBLICATION, DISTRIBUTION, ETC.
Date of publication, distribution, etc. 2025
300 ## - PHYSICAL DESCRIPTION
Extent 88 ورقة
504 ## - BIBLIOGRAPHY, ETC. NOTE
Bibliography, etc. note رسالة جامعية(رسالة ماجستير)- جامعة عجلون الوطنية(عجلون، الاردن) - كلية الاعمال، قسم ادارة الاعمال، 2025.
650 70 - SUBJECT ADDED ENTRY--TOPICAL TERM
Topical term or geographic name entry element ادارة الموارد البشرية-مستشفيات-الاردن.
9 (RLIN) 66558
700 #1 - ADDED ENTRY--PERSONAL NAME
Personal name الطويقات، امجد فهد نهار
Relator term معد
9 (RLIN) 66559
942 ## - ADDED ENTRY ELEMENTS (KOHA)
Source of classification or shelving scheme Library of Congress Classification
Koha item type Thesis
Suppress in OPAC No
Holdings
Withdrawn status Lost status Source of classification or shelving scheme Damaged status Not for loan Home library Current library Date acquired Total Checkouts Full call number Barcode Date last seen Price effective from Koha item type
    Library of Congress Classification     مكتبة جامعة عجلون الوطنية مكتبة جامعة عجلون الوطنية 13/07/2025   HF5549 2025 a30279 13/07/2025 13/07/2025 Thesis
    Library of Congress Classification     مكتبة جامعة عجلون الوطنية مكتبة جامعة عجلون الوطنية 13/07/2025   HF5549 2025 a30280 13/07/2025 13/07/2025 Thesis